| 000 | 00574cam a2200217 04500 | ||
|---|---|---|---|
| 001 | 44891 | ||
| 090 | _a44891 | ||
| 100 | _a19870501d1980 m y0pory5003 ba | ||
| 101 | 0 | _apor | |
| 102 | _aPT | ||
| 200 | 1 |
_aIntroducão à leitura d' Os Maias _fCarlos Reis |
|
| 205 |
_a3.ª ed. _b rev. |
||
| 210 | 9 |
_aCoimbra _cAlmedina, _d1980 |
|
| 215 |
_a180, [1] p. _d21 cm |
||
| 532 | 1 | 2 | _aIntrodu—cão à leitura de Os Maias |
| 675 |
_a821.134.3-31"19" _vmed _zpor |
||
| 675 | _a82.09(07) | ||
| 675 |
_a37.02 _vmed _zpor |
||
| 700 | 1 |
_aReis, _bCarlos, _f1950- |
|
| 801 | 0 |
_aPT _bBN _gRPC |
|
| 990 | _cLIVROS | ||